000 00854nam a2200265 a 4500
999 _c902
_d902
008 191107s2007 xxua|||g |||| 001 0 eng d
020 _a9780849382451
_c£ 158.00 (set price)
040 _aKO
_beng
041 0 _aeng
044 _axxu
082 0 4 _223
_a620.19204223
_bSch974
100 1 _aSchweitzer, Philip A.
245 1 0 _aCorrosion Engineering Handbook :
_bCorrosion of Polymers and Elastomers /
_cPhilip A. Schweitzer
250 _a2nd ed.
260 _aBoca Raton :
_bCRC Press Taylor & Francis Group
_c2007
300 _a578 p. :
_bill. ;
_c24 cm.
490 0 _aCorrosion Engineering Handbook
504 _aIncludes bibliographical references and index.
650 0 _aPlastics -- Corrosion
650 0 _aElastomers -- Corrosion
650 0 _aTECHNOLOGY & ENGINEERING -- Material Science
904 _aS_JOY
942 _cBK